| 000 | 00471nam a2200133 a 4500 | ||
|---|---|---|---|
| 001 | 000038444 | ||
| 005 | 20201002031249.0 | ||
| 008 | 130411s2006 dr 000 0 spa d | ||
| 040 |
_aDO-SdBNP _bspa _cBNPHU |
||
| 245 | 0 | 0 |
_aDiscursos de Alfredo Pacheco : _bpresidente de la Cámara de Diputados, gestión 203-2006. |
| 260 |
_aSanto Domingo :, : _bCámara de Diputados de la República Dominicana ,., _c2006. |
||
| 300 |
_a137 p. : ; _c23 cm. |
||
| 590 | _aInventariado, 2019/VM | ||
| 999 |
_c37934 _d37934 |
||